| 000 | 01210cam a2200373 a 4500 | ||
|---|---|---|---|
| 001 | 4335 | ||
| 003 | FISKH | ||
| 005 | 20260226135254.0 | ||
| 008 | 911106s1992 nyua j 000 0 eng | ||
| 010 | _a 91043076 | ||
| 020 | _a0590458132 : | ||
| 020 | _a9780590458139 | ||
| 040 |
_aDLC _cDLC _dDLC _beng |
||
| 050 | _aPZ8.B13 | ||
| 082 | _a398.210954 | ||
| 100 | 1 | _aBackstein, Karen. | |
| 245 | 1 | 4 |
_aThe blind men and the elephant / _cretold by Karen Backstein ; illustrated by Annie Mitra. |
| 260 |
_aNew York : _bScholastic, _c1992. |
||
| 300 |
_a46 unnumbered pages : _bcolor illustrations ; _c23 cm |
||
| 440 | 0 |
_aHello reader! _nLevel 3 |
|
| 500 | _a"Cartwheel Books." | ||
| 500 | _a"Grades 1 & 2."--Cover. | ||
| 505 | _aJ | ||
| 520 | _aA retelling of the fable from India about six blind men who each get a limited understanding of what an elephant is by feeling only one part of it. | ||
| 521 | 8 |
_a470
_bLexile |
|
| 521 | 8 |
_aJ
_bRaz-Plus |
|
| 650 | 1 | _aFables. | |
| 650 | 1 |
_aFolklore _zIndia. |
|
| 650 | 1 |
_aElephants _xFolklore. |
|
| 700 | 1 |
_aMitra, Annie, _eillustrator |
|
| 906 |
_a7 _bcbc _corignew _d1 _eocip _f19 _gy-gencatlg |
||
| 942 |
_2ddc _cBK _n0 |
||
| 999 |
_c4335 _d4335 |
||